İmparatorluktan tanrı devletine (Record no. 3210)

MARC details
000 -BAŞLIK
Sabit Uzunlukta Kontrol Alanı 00755na a2200265 4500
001 - KONTROL NUMARASI
Denetim Alanı 13861
003 - KONTROL NUMARASI IDENTIFIER
Denetim Alanı MIRAKIL
005 - SON İŞLEM TARİHİ VE ZAMANI
Denetim Alanı 20181213154924.0
008 - SABİT-BOY VERİ ELEMANLARI - GENEL BİLGİLER
Sabit Uzunlukta Kontrol Alanı 161108b tu 000 0
020 ## - ULUSLARARASI STANDART KİTAP NUMARASI
Uluslararası Standart Kitap Numarası 9755330186
035 ## - SİSTEM KONTROL NUMARASI
Sistem Kontrol Numarası 13861
040 ## - KATALOGLAMA KAYNAK
Orijinal Kataloglama Ajansı Milas
Kataloglama Dili tur
Metne Dönüştürmek Ajansı TR-AnCHP
082 ## - DEWEY ONLU SINIFLANDIRMA NUMARASI
Sınıflandırma Numarası 320.101
Ürün Numarası A32i 1991
090 ## - SINIFLAMA NUMARASI
Sınıflama Numarası 320.101 A32i 1991
100 ## - ANA GİRİŞ - KİŞİSEL İSİM
Kişisel Ad Ağaoğulları, Mehmet Ali
245 ## - BAŞLIK TABLOSU
Başlık İmparatorluktan tanrı devletine
Başlığın Kalan siyasal düşünceler
Sorumluluk Tablosu, Vb Mehmet Ali Ağaoğulları, Levent Köker
260 ## - YAYIN, DAĞITIM, VB
Yayın, Dağıtım, Vb Yeri Ankara
Yayıncı, Dağıtıcı, Vs Adı İmge
Yayın, Dağıtım, Vb Tarihi 1991
300 ## - FİZİKSEL TANIM
Kapsam 245 s.
Boyutlar 19 sm.
504 ## - KAYNAKÇA VB NOT
Kaynakça Vb Notu Kaynakça ve dizin var.
650 ## - KONU KATMA GİRİŞ - TOPİKAL DÖNEM
Topikal Süreli Veya Coğrafi Ad Giriş Elemanı Devlet
650 ## - KONU KATMA GİRİŞ - TOPİKAL DÖNEM
Topikal Süreli Veya Coğrafi Ad Giriş Elemanı Siyaset felsefesi
650 ## - KONU KATMA GİRİŞ - TOPİKAL DÖNEM
Topikal Süreli Veya Coğrafi Ad Giriş Elemanı Siyaset bilimi
Genel Alt Bölümü Tarih
Kronolojik Alt Bölümü Ortaçağ
700 ## - KATMA GİRİŞ - KİŞİSEL İSİM
Kişisel Ad Köker, Levent
942 ## - EKLENDİ GİRİŞ ELEMANLARI (KOHA)
Sınıflandırma Veya Raf Düzeni Kaynak Dewey Decimal Classification
Koha Öğesi Türü Books
999 ## - SİSTEM KONTROL NUMARALARI (KOHA)
Koha Biblionumber 3210
Koha Biblioitemnumber 3210
Holdings
Kalıcı Konum Mevcut Konum Edinme Tarihi Edinim Kaynak Toplam Check-Out'Lar Tam Çağrı Numarası Barkod Tarih Son Görülme İtibaren Geçerli Fiyatlar Koha Öğesi Türü
CHP Kütüphanesi CHP Kütüphanesi 08/19/2016 Bağış   320.101 A32i 1991 001554 08/19/2016 08/19/2016 Books